Africa's search for identity
Saved in:
| Main Author: | |
|---|---|
| Format: | Book |
| Language: | English |
| Published: |
New York :
The World Publushing Company,
1966.
|
| Series: | (History)
|
| Subjects: | |
| Tags: |
Add Tag
No Tags, Be the first to tag this record!
|
MARC
| LEADER | 00000cam a2200000 a 4500 | ||
|---|---|---|---|
| 001 | 1/113435 | ||
| 008 | 170321s1966####nyu| ||| |||| ||eng|| | ||
| 040 | |a GR-MyUa |b gre |c GR-MyUa |e AACR2 | ||
| 041 | 0 | |a eng | |
| 082 | 7 | |a 320.96 |2 (23) | |
| 100 | 1 | |a Ferkiss, Victor C. | |
| 245 | 1 | 0 | |a Africa's search for identity / |c Victor C. Ferkiss. |
| 260 | |a New York : |b The World Publushing Company, |c 1966. | ||
| 300 | |a 346 σ. ; |c 22 εκ. | ||
| 490 | 0 | |a (History) | |
| 500 | |a "Meridian books". | ||
| 651 | 0 | |a Africa |x Politics and government. | |
| 852 | |a INST |b LESVOS |e 20170321 |h 320.96 FER |p 005100058940 |q 005100058940 |t BK |y 0 | ||
| 970 | |a Τζαφέρη |b Ευαγγελία |z 21-03-2017 | ||